Yo contigo tu con migo. Morat y Albaro Soler - Estadísticas

Estadísticas generales
  • Esta prueba ha sido intentada 34 veces
  • La puntuación promedio es 265 de 368
Estadísticas de respuestas
Respuesta % Correcto
a
96%
conmigo
96%
el
96%
tu
96%
96%
, tú
96%
contigo,
91%
contigo
91%
mi
91%
Y
91%
y
91%
Yo
91%
en
87%
no
87%
qué,
87%
qué?
87%
que
87%
Que
87%
Qué
87%
87%
si
87%
de
83%
ti
83%
al
78%
lo
78%
Te
78%
te
78%
un
78%
aunque
74%
dos
74%
estamos
74%
hace
74%
los
74%
¿Por
74%
por
74%
sin
74%
su
74%
tiempo
74%
Va
74%
va
74%
voz,
74%
voz
74%
cielo
70%
conozco
70%
entero
70%
espejo
70%
grito
70%
la
70%
más
70%
mundo
70%
mundo,
70%
ser
70%
Siento,
70%
siento,
70%
siento
70%
cumplió
65%
destino
65%
entre
65%
Eres
65%
intento
65%
mejor
65%
misión
65%
muera
65%
pegaré
65%
quiero
65%
veo
65%
vuelta
65%
algo
61%
antes
61%
antes,
61%
daré
61%
estés
61%
fuerte
61%
hay
61%
Le
61%
quieran
61%
quitarme
61%
Soy
61%
soy
61%
cuando
57%
cuento
57%
Gon
57%
gon
57%
goro
57%
oh
57%
parte
57%
Reconozco
57%
Vamos
57%
aquí
52%
quien
52%
ya
52%
escribir
48%
escucho
48%
nos
48%
verme
48%
rendirse
43%
Contra
39%
hablo
39%
habrá
39%
llego
39%
mares,
39%
presiento
39%
separe
39%
viento
39%
viento,
39%
momento,
35%
Nuestro
35%
No se encontraron pruebas coincidentes
Distribución de puntuación
Porcentaje de gente con cada puntuación
Porcentaje por número respondido
Historial de tus puntuaciones
No has intentado esta prueba.